Pokémon - Champions d'Arène - Tanguy (N2/B2) - Statistiques

Statistiques générales
  • Ce quiz a été pris 25 fois
  • Le résultat moyen est 90 sur 127
Statistiques - réponses
Hint Réponse % Correct
Type Électrik
100%
Capacités Tonnerre
100%
Capacités Bourdon
91%
Capacités Cage-Éclair
91%
Élekable
91%
Capacités Exploforce
91%
Capacités Fatal-Foudre
91%
Type Insecte
91%
| Motisma
91%
Mygavolt
91%
Capacités Nœud Herbe
91%
Ohmassacre
91%
Capacités Poing de Feu
91%
Capacités Poing-Éclair
91%
Capacités Poinglace
91%
Raichu
91%
Type Spectre
91%
Type Vol
91%
Voltali
91%
Capacités Ball'Ombre
82%
Capacités Casse-Brique
82%
Capacités Coup d'Jus
82%
Électrode
82%
Talent Lévitation
82%
Luxray
82%
Capacités Mâchouille
82%
Capacités Châtiment
73%
Capacités Éclair Fou
73%
Capacités Feu Follet
73%
Capacités Lame d'Air
73%
Talent Motorisé
73%
Zéblitz
73%
Objet Baie Sitrus
64%
Capacités Coup Bas
64%
Capacités Nitrocharge
64%
Capacités Piétisol
64%
Capacités Rayon Chargé
64%
Capacités Rayon Signal
64%
Talent Statik
64%
Capacités Surpuissance
64%
Capacités Chargeur
55%
Capacités Clonage
55%
Capacités Coup-Croix
55%
Capacités Provoc
55%
Capacités Tourmente
55%
Objet Baie Jouca
45%
Objet Baie Sailak
45%
Objet Ballon
45%
Talent Œil Composé
45%
Talent Absorb Volt
36%
Capacités Balance
36%
Capacités Surchauffe
36%
Objet Baie Prine
27%
Capacités Bombe Acide
27%
Capacités Boule Élek
27%
Capacités Charme
27%
Objet Joyau Électr
27%
Objet Roche Royale
27%
Objet Baie Chocco
18%
Objet Baie Lichii
18%
Objet Joyau Plante
18%
Objet Baie Lampou
9%
Capacités Balayage
9%
Capacités Vœu
9%
Aucun quiz correspondant
Distribution des résultats
% des personnes avec chaque résultat
Percentile par nombre de réponses
Votre historique - résultats
Vous n’avez pas pris ce quiz